| 000 | 00563nam a2200205Ia 4500 | ||
|---|---|---|---|
| 003 | OSt | ||
| 005 | 20250305092842.0 | ||
| 008 | 210210b1974 xxu||||| |||| 00| 0 eng d | ||
| 040 | _cAL | ||
| 041 | _ahin | ||
| 082 | _aH891.4 SIMH | ||
| 100 |
_aSIMH (Brij Bhushan): _9203961 |
||
| 110 |
_bसिंह ब्रिजभूषण _9203962 |
||
| 245 |
_aHimachal ke anchal mein: _bहिमाचल के अचल में |
||
| 260 |
_aN Dilli _bKitabghar _c1974 |
||
| 300 | _a108 | ||
| 690 |
_aHindi Prose _9203963 |
||
| 906 | _a031914 | ||
| 942 |
_2ddc _cBK |
||
| 999 |
_c83159 _d83159 |
||